MARC

LEADER 00000nam0a2200000 4500
001 58761
005 20231031055306.0
010 |a 5804403028 
035 |a (RuTPU)RU\TPU\book\62079 
090 |a 58761 
100 |a 20031208d2003 km y0rusy50 ca 
101 0 |a rus 
102 |a RU 
105 |a a z 001zy 
200 1 |a Экологическое сопровождение хозяйственной деятельности  |f С. М. Говорушко  |g Дальневосточное отделение РАН; Тихоокеанский институт географии 
210 |a Владивосток  |c Дальнаука  |d 2003 
215 |a 271 с.  |c ил. 
320 |a Библиогр.: с. 226-245 
610 1 |a экология 
610 1 |a окружающая среда 
610 1 |a хозяйственная деятельность 
610 1 |a воздействия 
610 1 |a оценка 
610 1 |a экологическая экспертиза 
610 1 |a экологический аудит 
610 1 |a компоненты 
610 1 |a параметры 
610 1 |a прогнозирование 
675 |a 504.064  |v 3 
700 1 |a Говорушко  |b С. М.  |g Сергей Михайлович 
712 0 2 |a Российская академия наук (РАН)  |b Дальневосточное отделение (ДВО)  |b Тихоокеанский институт географии (ТИГ)  |c (Владивосток)  |2 stltpush  |3 (RuTPU)RU\TPU\col\261 
801 1 |a RU  |b 63413507  |c 20031208  |g PSBO 
801 2 |a RU  |b 63413507  |c 20120207  |g PSBO 
942 |c BK